[Event "Rochade - Wirtzfeld"]
[Site "?"]
[Date "2013.03.03"]
[Round "10.2"]
[White "Azarov, Sergei"]
[Black "Edouard, Romain"]
[Result "1/2-1/2"]
[WhiteElo "2621"]
[BlackElo "2678"]
[PlyCount "45"]
[EventDate "2013.03.02"]

1. e4 e6 2. d4 d5 3. Nd2 c5 4. exd5 Qxd5 5. Ngf3 cxd4 6. Bc4 Qd7 7. O-O Nc6 8.
Nb3 Nf6 9. Nbxd4 Nxd4 10. Nxd4 a6 11. Re1 Bc5 12. Be3 O-O 13. c3 Qc7 14. Bg5
Bd6 15. Bxf6 gxf6 16. Bd3 f5 17. Qh5 Kh8 18. Nf3 Be7 19. Rad1 b5 20. Ne5 Bf6
21. Ng4 Be7 22. Ne5 Bf6 23. Nf3 1/2-1/2

[Event "Rochade - KGSRL"]
[Site "KGSRL"]
[Date "2012.11.18"]
[Round "4.8"]
[White "Forster, Sven"]
[Black "Vanheirzeele, Daniel"]
[Result "1/2-1/2"]
[WhiteElo "2244"]
[BlackElo "2162"]
[PlyCount "22"]
[EventDate "2012.??.??"]

1. Nf3 c5 2. c4 Nc6 3. Nc3 e5 4. g3 g6 5. Bg2 Bg7 6. O-O Nge7 7. Ne1 a6 8. d3
d6 9. Nc2 Rb8 10. a4 O-O 11. Ne3 Nb4 1/2-1/2

[Event "Rochade - KGSRL"]
[Site "KGSRL"]
[Date "2012.11.18"]
[Round "4.6"]
[White "Meessen, Rudolf"]
[Black "Ducarmon, Quinten"]
[Result "0-1"]
[WhiteElo "2326"]
[BlackElo "2382"]
[PlyCount "78"]
[EventDate "2012.??.??"]

1. d4 d5 2. c4 c6 3. Nf3 Nf6 4. Nc3 dxc4 5. a4 Bf5 6. e3 e6 7. a5 Bb4 8. Qa4
Qe7 9. Bxc4 O-O 10. O-O Nbd7 11. Be2 Ne4 12. Nxe4 Bxe4 13. Bd2 Bd6 14. Ne5 b5
15. axb6 Nxb6 16. Qa5 c5 17. f3 Bd5 18. Rfc1 cxd4 19. exd4 Rfc8 20. Bb5 Qf6 21.
Bc6 Bxc6 22. Rxc6 Rxc6 23. Nxc6 h6 24. Ne5 Qh4 25. Be3 Nd5 26. Bf2 Qg5 27. Qe1
Rc8 28. h4 Qe7 29. Rc1 Rc7 30. b3 Bb4 31. Qd1 Nc3 32. Qd3 Ne2+ 33. Qxe2 Rxc1+
34. Kh2 Bd6 35. f4 Qc7 36. Qe4 Rc2 37. Bg3 Bxe5 38. fxe5 Qc6 39. Qg4 Qxg2# 0-1

[Event "Rochade - KGSRL"]
[Site "KGSRL"]
[Date "2012.11.18"]
[Round "4.2"]
[White "Feygin, Michael"]
[Black "Michiels, Bart"]
[Result "1/2-1/2"]
[WhiteElo "2538"]
[BlackElo "2505"]
[PlyCount "236"]
[EventDate "2012.??.??"]

1. e4 c6 2. d4 d5 3. e5 Bf5 4. Nf3 e6 5. Be2 h6 6. O-O Ne7 7. Nbd2 Nd7 8. Nb3
Bh7 9. a4 Ng6 10. c4 Be7 11. Bd2 dxc4 12. Na5 Qc7 13. Nxc4 O-O 14. Rc1 Nb6 15.
Ba5 Nf4 16. Re1 Nfd5 17. Bd3 Bxd3 18. Qxd3 Rfd8 19. Qb3 Qd7 20. Nfd2 Nxc4 21.
Nxc4 b6 22. Bd2 c5 23. Qg3 Kh7 24. Re4 cxd4 25. Rxd4 Rac8 26. b3 b5 27. axb5
Qxb5 28. Ra1 Rb8 29. Rd3 f5 30. exf6 Bxf6 31. Re1 Ne7 32. Rxe6 Rxd3 33. Qxd3+
Qf5 34. Rd6 Qxd3 35. Rxd3 Nc6 36. Be3 a5 37. h3 Rb5 38. Rd6 Ne5 39. Rb6 Rd5 40.
Rd6 Rb5 41. Nd2 Be7 42. Rb6 Rd5 43. Ne4 Bb4 44. Rxh6+ Kg8 45. Re6 Rd1+ 46. Kh2
Nd3 47. Re8+ Kf7 48. Rd8 Nxf2 49. Rxd1 Nxd1 50. Bd4 g6 51. Kg3 Ke6 52. Kf3 Kd5
53. Bg7 Be7 54. g4 Bd8 55. Nd2 Bb6 56. Nc4 Ba7 57. Nxa5 Nf2 58. h4 Nd3 59. Nc4
Nc1 60. Nd2 Bc5 61. Bb2 Nd3 62. Bc3 Ne1+ 63. Kf4 Ng2+ 64. Kg3 Ne3 65. Nf3 Bd6+
66. Kh3 Ke4 67. Ng5+ Kd3 68. Be1 Be7 69. Ne6 Ke4 70. Bd2 Nd5 71. Bg5 Bd6 72.
Bh6 Kf3 73. Nd4+ Ke4 74. Ne6 Kf3 75. Ng5+ Ke2 76. Ne4 Be5 77. Kg2 Kd3 78. Kf3
Kc2 79. Nc5 Bd6 80. Ne4 Be5 81. Nf2 Bd6 82. Ke4 Nf6+ 83. Kd4 Bg3 84. Ne4 Bxh4
85. Nxf6 Kxb3 86. Ne4 Kc2 87. Ke5 Kd3 88. Bg5 Be1 89. Nd6 Ke2 90. Ke6 Kf3 91.
Kf7 Kxg4 92. Kxg6 Kf3 93. Kf5 Bc3 94. Ne4 Ba1 95. Bf4 Bd4 96. Nd2+ Ke2 97. Ke4
Bc3 98. Nc4 Bf6 99. Ne3 Bg7 100. Nf5 Bh8 101. Ng3+ Kf2 102. Kf5 Kf3 103. Ne4
Ke2 104. Ng5 Kd3 105. Ne6 Kc4 106. Nc7 Kd3 107. Ne6 Kc4 108. Ng5 Kd3 109. Nf7
Bg7 110. Kg6 Bd4 111. Kf5 Bg7 112. Bg5 Kc4 113. Kg6 Bd4 114. Be7 Kd5 115. Kf5
Be3 116. Ne5 Bd4 117. Nf3 Bc3 118. Bd8 Bb2 1/2-1/2

[Event "Rochade - Fontaine"]
[Site "?"]
[Date "2012.12.16"]
[Round "6.8"]
[White "Huesmann, Thomas"]
[Black "Le Quang, Kim"]
[Result "1/2-1/2"]
[WhiteElo "2240"]
[BlackElo "2304"]
[PlyCount "56"]
[EventDate "2012.12.16"]

1. e4 c5 2. Nf3 e6 3. c4 Nc6 4. Nc3 e5 5. d3 d6 6. g3 f5 7. Bg2 Nf6 8. Nh4 fxe4
9. Nxe4 Be7 10. Nxf6+ Bxf6 11. Be3 Be6 12. Be4 Bxh4 13. Qh5+ g6 14. Qxh4 Qxh4
15. gxh4 Bf5 16. Rg1 Bxe4 17. dxe4 Kf7 18. O-O-O Nd4 19. Kb1 Ke6 20. Bh6 Rab8
21. h5 Rhg8 22. hxg6 Rxg6 23. Be3 Rbg8 24. Rg3 Ne2 25. Rh3 R8g7 26. Kc2 Ng1 27.
Rg3 Ne2 28. Rh3 Ng1 1/2-1/2

[Event "Rochade - Fontaine"]
[Site "?"]
[Date "2012.12.16"]
[Round "6.6"]
[White "Meessen, Rudolf"]
[Black "Wantola, Ivo"]
[Result "0-1"]
[WhiteElo "2326"]
[BlackElo "2337"]
[PlyCount "122"]
[EventDate "2012.12.16"]

1. d4 Nf6 2. c4 e6 3. Nc3 Bb4 4. f3 d5 5. a3 Bxc3+ 6. bxc3 c5 7. cxd5 Nxd5 8.
Qd3 cxd4 9. cxd4 b6 10. e4 Ba6 11. Qd2 Bxf1 12. Kxf1 Ne7 13. Ne2 O-O 14. h4
Nbc6 15. h5 h6 16. Bb2 Na5 17. Qd3 Rc8 18. Rh3 Qd7 19. Rg3 f6 20. a4 Rc5 21.
Nf4 Rg5 22. Rh3 Rc8 23. Rc1 Rxc1+ 24. Bxc1 Qxa4 25. Nxe6 Qb5 26. Qxb5 Rxb5 27.
Ba3 Kf7 28. d5 Nxd5 29. exd5 Nc4 30. Rg3 Rxd5 31. Rxg7+ Kxe6 32. Re7+ Kf5 33.
Bb4 a5 34. Be1 Re5 35. Rh7 Ne3+ 36. Kf2 Nxg2 37. Bc3 Rc5 38. Bd4 Rc2+ 39. Kf1
Nf4 40. Rxh6 Kg5 41. Rxf6 Rd2 42. Rd6 Kxh5 43. Ke1 Rd3 44. Rd8 b5 45. Bb6 Rxd8
46. Bxd8 a4 47. Be7 Kg6 48. Kd2 Kf5 49. Kc2 Ke5 50. Kb2 Nd5 51. Bg5 Kd4 52. f4
Ke4 53. Ka3 Kf5 54. Bh6 Nc7 55. Bf8 Nd5 56. Bd6 Kf6 57. Be5+ Ke6 58. Bb8 Kd7
59. Be5 Ne3 60. Kb4 Kc6 61. Kc3 Nc4 {Zwart won na 78 zetten} 0-1

[Event "Rochade - Fontaine"]
[Site "?"]
[Date "2012.12.16"]
[Round "6.4"]
[White "Fiebig, Thomas"]
[Black "Claesen, Pieter"]
[Result "1/2-1/2"]
[WhiteElo "2414"]
[BlackElo "2381"]
[PlyCount "93"]
[EventDate "2012.12.16"]

1. e4 e6 2. Nf3 d5 3. Nc3 Nc6 4. d4 Nf6 5. Bg5 Be7 6. e5 Ne4 7. Bxe7 Qxe7 8. a3
Bd7 9. Qd3 Nxc3 10. Qxc3 f6 11. Qe3 fxe5 12. Nxe5 Nxe5 13. Qxe5 O-O 14. Bd3 Qf6
15. Qxf6 Rxf6 16. g3 Rc8 17. f4 c5 18. dxc5 Rxc5 19. O-O-O Be8 20. Rhe1 Bg6 21.
Re5 Bxd3 22. Rxd3 Kf7 23. Kd2 g6 24. h4 a5 25. Rb3 b5 26. Rc3 Rxc3 27. Kxc3 Ke7
28. Kd4 Kd6 29. Re3 Rf8 30. Rc3 h6 31. Rb3 g5 32. fxg5 hxg5 33. Rxb5 gxh4 34.
gxh4 Rf4+ 35. Kd3 Rxh4 36. Rxa5 Rh3+ 37. Kd2 e5 38. b4 d4 39. a4 e4 40. Ra8 Kd5
41. a5 Kc4 42. a6 e3+ 43. Ke2 Rh2+ 44. Kd1 Kb5 45. a7 Kb6 46. Re8 Kxa7 47. c3
1/2-1/2

[Event "Rochade - Fontaine"]
[Site "?"]
[Date "2012.12.16"]
[Round "6.2"]
[White "Dgebuadze, Alexandre"]
[Black "Ringoir, Tanguy"]
[Result "1/2-1/2"]
[WhiteElo "2557"]
[BlackElo "2457"]
[PlyCount "31"]
[EventDate "2012.12.16"]

1. e4 e5 2. Bc4 Nf6 3. d3 Nc6 4. Nc3 Na5 5. a3 Nxc4 6. dxc4 d6 7. Nge2 Be7 8.
h3 c6 9. Qd3 Be6 10. Bg5 Nd7 11. Bxe7 Qxe7 12. b3 Nc5 13. Qd2 f5 14. exf5 Bxf5
15. Ng3 Bg6 16. O-O 1/2-1/2

[Event "Rochade - Eynatten 2"]
[Site "Eupen"]
[Date "2013.01.13"]
[Round "7.7"]
[White "Huesmann, Thomas"]
[Black "Andok, Claus Michael"]
[Result "1-0"]
[WhiteElo "2240"]
[BlackElo "2099"]
[PlyCount "95"]
[EventDate "2013.??.??"]

1. e4 c6 2. d4 d5 3. exd5 cxd5 4. Bd3 Nf6 5. c3 Nc6 6. Bf4 e6 7. Nf3 Bd6 8.
Bxd6 Qxd6 9. O-O Qf4 10. Re1 O-O 11. Nbd2 Re8 12. Bb5 Bd7 13. Bxc6 Bxc6 14. Ne5
a5 15. Re3 a4 16. Qc2 a3 17. b3 Bb5 18. Rae1 Rec8 19. Qd1 Rc7 20. Rf3 Qh4 21.
Rh3 Qf4 22. Rf3 Qh4 23. g3 Qh5 24. Kg2 Rac8 25. Ree3 Rxc3 26. Rxc3 Rxc3 27. Nb1
Rxf3 28. Qxf3 Qxf3+ 29. Kxf3 Ne4 30. Ke3 Kf8 31. Nxa3 Be8 32. Nd3 Nd6 33. g4
Ke7 34. f3 Kd8 35. Nb1 Kc7 36. Nc3 Bb5 37. Nf4 Be8 38. Nh5 g6 39. Nf6 h6 40.
Ng8 h5 41. gxh5 gxh5 42. Nf6 h4 43. Kf4 Kd8 44. Ke5 Nf5 45. Nxe8 Kxe8 46. Nxd5
Ng7 47. Ne3 Ke7 48. Kf4 1-0

[Event "Rochade - Eynatten 2"]
[Site "Eupen"]
[Date "2013.01.13"]
[Round "7.5"]
[White "Klein, Felix"]
[Black "Maes, Valeer"]
[Result "1-0"]
[WhiteElo "2321"]
[BlackElo "2179"]
[PlyCount "135"]
[EventDate "2013.??.??"]

1. e4 e6 2. d4 d5 3. Nc3 Be7 4. Nf3 Nf6 5. Bd3 c5 6. O-O dxe4 7. Nxe4 cxd4 8.
Nxd4 O-O 9. c3 Nbd7 10. Re1 Nxe4 11. Bxe4 Nf6 12. Bf3 a6 13. Bf4 Nd5 14. Bg3
Bf6 15. Nb3 b5 16. Qe2 Qb6 17. Bxd5 exd5 18. Rad1 Be6 19. Be5 Bxe5 20. Qxe5
Rfe8 21. Qd4 Qc7 22. Nc5 a5 23. a3 Rac8 24. b4 axb4 25. axb4 Qc6 26. Ra1 Ra8
27. h3 h6 28. Rad1 Rad8 29. Re3 Bf5 30. Rde1 Rxe3 31. Rxe3 Re8 32. Re5 Rxe5 33.
Qxe5 Bc8 34. Nd3 Bb7 35. Qd4 Qc4 36. Ne5 Qc7 37. Nd3 Qc4 38. Nc5 Bc6 39. Kh2
Qxd4 40. cxd4 f6 41. g4 Kf7 42. Kg3 Ke7 43. f4 g5 44. h4 Be8 45. Nb3 Bg6 46.
Nc1 gxf4+ 47. Kxf4 Kd6 48. Ne2 Bd3 49. Ng3 Ke6 50. Nh5 Kf7 51. Ke3 Be4 52. Ng3
Bc2 53. Kf4 Ke6 54. Ne2 Bd3 55. Nc3 Bc4 56. Nd1 Bd3 57. Ne3 Be4 58. Nf1 Bc2 59.
Nd2 Bd3 60. Nb3 Bc2 61. Nc5+ Kd6 62. Nb7+ Ke6 63. Na5 Bd3 64. Nb7 Bc2 65. g5
fxg5+ 66. hxg5 hxg5+ 67. Kxg5 Bd3 68. Nc5+ 1-0

[Event "Rochade - Eynatten 2"]
[Site "Eupen"]
[Date "2013.01.13"]
[Round "7.3"]
[White "Coenen, Michael"]
[Black "Litwak, Aleksej"]
[Result "1/2-1/2"]
[WhiteElo "2330"]
[BlackElo "2237"]
[PlyCount "111"]
[EventDate "2013.??.??"]

1. c4 e6 2. Nc3 d5 3. d4 c5 4. Nf3 Nc6 5. e3 Nf6 6. Be2 a6 7. O-O dxc4 8. Qa4
b5 9. Nxb5 Bd7 10. Nc3 Nxd4 11. Qd1 Nxe2+ 12. Qxe2 Qc7 13. e4 Be7 14. Bg5 Bc6
15. Qxc4 O-O 16. Bh4 Rfd8 17. Rfe1 Qb7 18. Qe2 Bb5 19. Nxb5 axb5 20. b3 Ra3 21.
Rac1 Rda8 22. Rc2 b4 23. Ne5 Qa6 24. Qxa6 R8xa6 25. Nd3 Rxa2 26. Rxa2 Rxa2 27.
e5 Nd5 28. Bxe7 Nxe7 29. Nxc5 Nd5 30. g3 h6 31. Re4 Rb2 32. Rd4 Kh7 33. Rd3 Kg6
34. Rf3 Rc2 35. Ne4 f5 36. exf6 gxf6 37. Kg2 f5 38. Nd6 Kf6 39. Nc4 e5 40. Ne3
Nxe3+ 41. Rxe3 Rc3 42. Kf3 e4+ 43. Kf4 Rc2 44. f3 exf3 45. Rxf3 Rxh2 46. Rd3
Rf2+ 47. Ke3 Rc2 48. Kf4 Rc3 49. Rd6+ Kg7 50. Rb6 Rxb3 51. Kxf5 h5 52. Rb7+ Kf8
53. Kf4 Rb1 54. Kg5 Rg1 55. Rxb4 Rxg3+ 56. Kxh5 1/2-1/2

[Event "Rochade - Eynatten 2"]
[Site "Eupen"]
[Date "2013.01.13"]
[Round "7.1"]
[White "Berelowitsch, Alexander"]
[Black "Becker, Marcel"]
[Result "1/2-1/2"]
[WhiteElo "2582"]
[BlackElo "2424"]
[PlyCount "101"]
[EventDate "2013.??.??"]

1. e4 c6 2. d4 d5 3. Nc3 dxe4 4. Nxe4 Bf5 5. Ng3 Bg6 6. h4 h6 7. Nf3 Nd7 8. h5
Bh7 9. Bd3 Bxd3 10. Qxd3 e6 11. Bf4 Qa5+ 12. Bd2 Qc7 13. O-O-O O-O-O 14. Ne4
Ngf6 15. g3 Nxe4 16. Qxe4 Nf6 17. Qe2 Bd6 18. c4 c5 19. Bc3 cxd4 20. Nxd4 a6
21. Nf3 Qc6 22. Ne5 Bxe5 23. Bxe5 Rd7 24. Bxf6 gxf6 25. Rxd7 Kxd7 26. Rd1+ Ke7
27. b3 Rc8 28. Kb2 Qc5 29. Rd5 Qc6 30. Rd2 Rg8 31. Qd3 Qc7 32. f4 f5 33. b4 b6
34. a3 a5 35. Qc3 Rc8 36. Rc2 axb4 37. Qxb4+ Qc5 38. Rc3 Qxb4+ 39. axb4 Kd6 40.
Kb3 Rg8 41. Re3 f6 42. Ka4 e5 43. Kb5 Rb8 44. Rd3+ Kc7 45. fxe5 fxe5 46. Rf3
Rf8 47. c5 bxc5 48. Kxc5 f4 49. Kd5 Rf5 50. Rc3+ Kb7 51. gxf4 1/2-1/2

[Event "Rochade - Eynatten 1"]
[Site "?"]
[Date "2012.12.02"]
[Round "5.5"]
[White "Fiebig, Thomas"]
[Black "Koch, Thomas"]
[Result "1/2-1/2"]
[WhiteElo "2414"]
[BlackElo "2451"]
[PlyCount "73"]
[EventDate "2012.??.??"]

1. e4 c5 2. c3 d5 3. exd5 Qxd5 4. d4 e6 5. Nf3 Nf6 6. Be3 cxd4 7. cxd4 Nc6 8.
a3 Be7 9. Nc3 Qd6 10. Bd3 O-O 11. O-O b6 12. Qe2 Bb7 13. Rad1 Rac8 14. Rfe1
Rfe8 15. Bg5 Nd5 16. Qe4 g6 17. Nxd5 Qxd5 18. Qxd5 exd5 19. Bxe7 Rxe7 20. Kf1
f6 21. h4 Rce8 22. Rxe7 Rxe7 23. Re1 Rxe1+ 24. Kxe1 Bc8 25. Bb5 Ne7 26. Kd2 Kf7
27. g3 h6 28. Ba4 g5 29. hxg5 hxg5 30. Kc3 Ke6 31. Nh2 Nf5 32. Nf1 Ba6 33. Nd2
Nd6 34. Bc6 Be2 35. Ba4 Ba6 36. Bc6 Be2 37. Ba4 1/2-1/2

[Event "Rochade - Eynatten 1"]
[Site "?"]
[Date "2012.12.02"]
[Round "5.3"]
[White "Illner, Joachim"]
[Black "Dambacher, Martijn"]
[Result "1/2-1/2"]
[WhiteElo "2459"]
[BlackElo "2506"]
[PlyCount "31"]
[EventDate "2012.??.??"]

1. d4 Nf6 2. Nf3 e6 3. c4 d5 4. g3 Be7 5. Bg2 O-O 6. O-O dxc4 7. Ne5 Nc6 8.
Nxc6 bxc6 9. Na3 c3 10. bxc3 Nd5 11. Qc2 c5 12. Nc4 cxd4 13. cxd4 c5 14. dxc5
Bxc5 15. Bb2 Qe7 16. Rfd1 1/2-1/2

[Event "Rochade - Eynatten 1"]
[Site "?"]
[Date "2012.12.02"]
[Round "5.1"]
[White "Berelowitsch, Alexander"]
[Black "Hoffmann, Michael"]
[Result "1-0"]
[WhiteElo "2582"]
[BlackElo "2510"]
[PlyCount "79"]
[EventDate "2012.??.??"]

1. e4 c5 2. Nf3 d6 3. d4 cxd4 4. Nxd4 Nf6 5. Nc3 a6 6. g3 e5 7. Nb3 Be7 8. Bg2
b5 9. a4 b4 10. Nd5 Nxd5 11. Qxd5 Ra7 12. Be3 Be6 13. Qd3 Rd7 14. O-O O-O 15.
Rfc1 Qc8 16. c3 bxc3 17. Rxc3 Rc7 18. Nd2 Rxc3 19. Qxc3 Qb7 20. b4 Rc8 21. Qb2
d5 22. exd5 Bxd5 23. Bxd5 Qxd5 24. b5 h5 25. Qb3 Qb7 26. bxa6 Qxa6 27. Qb5 Qe6
28. a5 Na6 29. Bb6 Nc7 30. Bxc7 Rxc7 31. a6 Bc5 32. Qb8+ Rc8 33. a7 Bxa7 34.
Qxa7 h4 35. Qb7 h3 36. Ra8 Rxa8 37. Qxa8+ Kh7 38. Qf3 Qd7 39. Nf1 f5 40. Qh5+
1-0

[Event "Rochade - Deurne"]
[Site "?"]
[Date "2013.02.03"]
[Round "8.8"]
[White "Petzold, Klaus"]
[Black "Du Pont, David"]
[Result "1/2-1/2"]
[WhiteElo "2180"]
[BlackElo "2096"]
[PlyCount "85"]
[EventDate "2010.04.20"]

1. c4 c5 2. Nf3 g6 3. g3 Bg7 4. Bg2 Nc6 5. Nc3 e5 6. O-O Nge7 7. Ne1 d6 8. Nc2
Be6 9. Ne3 O-O 10. d3 Qd7 11. Ned5 Bh3 12. e4 Nxd5 13. Nxd5 Be6 14. Qa4 Nd4 15.
Qxd7 Bxd7 16. Bg5 f6 17. Be3 Nc2 18. Rab1 Nxe3 19. fxe3 Rf7 20. Rf2 Be6 21.
Rbf1 Bxd5 22. exd5 Kf8 23. Rb1 Bh6 24. Re1 Rb8 25. Bh3 f5 26. a4 a6 27. b3 b5
28. axb5 axb5 29. Ra2 Rfb7 30. Kf2 bxc4 31. bxc4 Rb3 32. Bf1 Ke7 33. Ra7+ R8b7
34. Rxb7+ Rxb7 35. Re2 Kd7 36. Ra2 Kc7 37. Be2 Kb8 38. Ra6 Kc7 39. Ra8 Rb8 40.
Ra7+ Rb7 41. Ra8 Rb8 42. Ra7+ Rb7 43. Ra8 {claim} 1/2-1/2

[Event "Rochade - Deurne"]
[Site "?"]
[Date "2013.02.03"]
[Round "8.6"]
[White "Begnis, Nikolaos"]
[Black "Tolk, Pieter"]
[Result "1-0"]
[WhiteElo "2286"]
[BlackElo "2153"]
[PlyCount "99"]
[EventDate "2010.04.20"]

1. e4 d5 2. exd5 Qxd5 3. Nc3 Qa5 4. d4 Nf6 5. Nf3 c6 6. Bc4 Bf5 7. Bd2 e6 8.
Nd5 Qd8 9. Nxf6+ gxf6 10. Qe2 Nd7 11. d5 cxd5 12. Bxd5 Qb6 13. Bb3 Bc5 14. Nh4
Bg6 15. O-O O-O-O 16. a4 Bd4 17. a5 Qc7 18. Ra4 Ne5 19. a6 b6 20. Bf4 Rd6 21.
Nxg6 hxg6 22. Qe4 Rhd8 23. Bxe5 fxe5 24. c3 Bc5 25. Bc2 Rd2 26. b4 f5 27. Qa8+
Kd7 28. Qf3 b5 29. Raa1 Bb6 30. Bb3 e4 31. Qh3 Qd6 32. Qh7+ Qe7 33. Qxg6 e3 34.
fxe3 Bxe3+ 35. Kh1 Qe8 36. Qg7+ Qe7 37. Qe5 f4 38. Rad1 Qd6 39. Rxd2 Bxd2 40.
Qxb5+ Ke7 41. Qg5+ Kf7 42. Qf5+ Ke7 43. Qh7+ Kf6 44. Qh6+ Kf7 45. Rd1 Qe5 46.
Qh7+ Kf8 47. Qxa7 Rd6 48. Qb8+ Kf7 49. a7 Bxc3 50. Qxd6 1-0

[Event "Rochade - Deurne"]
[Site "?"]
[Date "2013.02.03"]
[Round "8.4"]
[White "Ahn, Martin"]
[Black "Minyeyevtsev, Semen"]
[Result "1/2-1/2"]
[WhiteElo "2278"]
[BlackElo "2213"]
[PlyCount "41"]
[EventDate "2010.04.20"]

1. e4 e6 2. Nf3 d5 3. Nc3 dxe4 4. Nxe4 Nd7 5. d4 Ngf6 6. Bd3 Nxe4 7. Bxe4 Nf6
8. Bg5 Be7 9. Bxf6 Bxf6 10. Qd3 h6 11. Bxb7 Bxb7 12. Qb5+ Qd7 13. Qxb7 O-O 14.
O-O Rab8 15. Qxa7 Rxb2 16. Qc5 Ra8 17. a3 Rb5 18. Qc4 Rba5 19. c3 c5 20. dxc5
Qc6 21. Nd4 1/2-1/2

[Event "Rochade - Borgerhout "]
[Site "Eupen"]
[Date "2013.02.17"]
[Round "9.3"]
[White "Illner, Joachim"]
[Black "Wemmers, Xander"]
[Result "1-0"]
[WhiteElo "2459"]
[BlackElo "2403"]
[PlyCount "113"]
[EventDate "2013.??.??"]

1. Nf3 Nf6 2. c4 e6 3. g3 b6 4. d4 Bb7 5. Bg2 Bb4+ 6. Bd2 a5 7. O-O O-O 8. Bg5
Be7 9. Bxf6 Bxf6 10. Nc3 d6 11. Qd2 Nd7 12. Rfd1 g6 13. Rac1 Re8 14. h4 Bg7 15.
h5 Nf6 16. hxg6 hxg6 17. Qf4 Nh5 18. Qe3 Qe7 19. Nh4 Bxg2 20. Nxg2 f5 21. Qf3
Rad8 22. e4 Qg5 23. Rc2 fxe4 24. Nxe4 Qf5 25. Nh4 Qxf3 26. Nxf3 Nf6 27. Neg5
Nd7 28. Re2 e5 29. Rde1 Rb8 30. a4 Rf8 31. Kg2 Bf6 32. dxe5 Bxg5 33. Nxg5 Nxe5
34. f4 Nd3 35. Rh1 Rfe8 36. Rd2 Nc5 37. Rh6 Ne4 38. Rxg6+ Kf8 39. Nxe4 Rxe4 40.
Rc2 Rbe8 41. Kf3 Re3+ 42. Kg4 Kf7 43. Rg5 Rh8 44. Rc3 Re2 45. b3 Kf6 46. Rd3
Rh7 47. Rf3 Re4 48. Rd3 Re2 49. Kf3 Rhh2 50. Rg8 Rhf2+ 51. Kg4 Rh2 52. Rf8+ Ke7
53. Rc8 Kd7 54. Rg8 Rhg2 55. Rg7+ Kc6 56. Rf3 Re4 57. Kg5 1-0

[Event "Rochade - Borgerhout "]
[Site "Eupen"]
[Date "2013.02.17"]
[Round "9.1"]
[White "Negi, Parimarjan"]
[Black "Docx, Stefan"]
[Result "1/2-1/2"]
[WhiteElo "2661"]
[BlackElo "2442"]
[PlyCount "85"]
[EventDate "2013.??.??"]

1. e4 e5 2. Nf3 Nc6 3. Bb5 a6 4. Ba4 Nf6 5. O-O Be7 6. d3 b5 7. Bb3 d6 8. a4
Bd7 9. c3 O-O 10. Bc2 Re8 11. Re1 h6 12. Nbd2 Bf8 13. Nf1 d5 14. h3 b4 15. a5
Rb8 16. Ne3 bxc3 17. bxc3 d4 18. cxd4 Nxd4 19. Nxd4 exd4 20. Nc4 Bb5 21. Bb3
Nd7 22. Ba2 Bb4 23. Bd2 Bxd2 24. Qxd2 Nc5 25. f4 Na4 26. Ne5 Rf8 27. Rac1 Nc3
28. Rxc3 dxc3 29. Qxc3 c5 30. Bd5 Rc8 31. Ng6 Re8 32. Re3 Qf6 33. Qxf6 gxf6 34.
Rg3 Rc7 35. f5 Kh7 36. Nf4 Rg8 37. Re3 Rd8 38. Nh5 Rd6 39. Rg3 Kh8 40. Kf2 Bc6
41. Bc4 Bb5 42. Bd5 Bc6 43. Bc4 1/2-1/2

[Event "Rochade - Borgerhout"]
[Site "Eupen"]
[Date "2013.02.17"]
[Round "9.7"]
[White "Marczitter, Dmitrii"]
[Black "Veltkamp, Gerben"]
[Result "1/2-1/2"]
[WhiteElo "2300"]
[BlackElo "2195"]
[PlyCount "99"]
[EventDate "2013.??.??"]

1. d4 d5 2. Nf3 Nf6 3. c4 dxc4 4. e3 Bg4 5. Bxc4 e6 6. Qb3 Qc8 7. Ne5 Bh5 8.
Nc3 Bd6 9. O-O O-O 10. f4 a6 11. a4 c5 12. d5 exd5 13. Nxd5 Nxd5 14. Bxd5 Nc6
15. Nc4 Qc7 16. Bd2 Be2 17. Rfe1 Bxc4 18. Qxc4 Rad8 19. Bc3 Rd7 20. Qe4 Ne7 21.
Bc4 Qc6 22. Qxc6 Nxc6 23. Rad1 Rfd8 24. Rd5 Be7 25. Red1 Rd6 26. Rxd6 Bxd6 27.
Bd5 Bc7 28. Rd2 Na5 29. Kf2 b5 30. axb5 axb5 31. b4 cxb4 32. Bxb4 Bb6 33. Ke2
Nc4 34. Bxc4 Rxd2+ 35. Kxd2 bxc4 36. e4 Bd4 37. e5 g5 38. g3 gxf4 39. gxf4 Kg7
40. Bc3 Bxc3+ 41. Kxc3 Kg6 42. Kxc4 Kf5 43. Kd5 h5 44. h4 Kxf4 45. e6 fxe6+ 46.
Kxe6 Ke4 47. Kf6 Kf4 48. Ke6 Kg3 49. Kf5 Kxh4 50. Kf4 1/2-1/2

[Event "Rochade - Borgerhout"]
[Site "Eupen"]
[Date "2013.02.17"]
[Round "9.5"]
[White "Coenen, Michael"]
[Black "Vedder, Richard"]
[Result "1/2-1/2"]
[WhiteElo "2330"]
[BlackElo "2333"]
[PlyCount "50"]
[EventDate "2013.??.??"]

1. e4 e5 2. Nf3 Nc6 3. Bb5 a6 4. Bxc6 dxc6 5. O-O Be6 6. Nxe5 Qd4 7. Nf3 Qxe4
8. Re1 Qg4 9. h3 Qh5 10. Re5 Qg6 11. Nd4 Bd6 12. Re1 O-O-O 13. Nxe6 fxe6 14. d3
e5 15. Qg4+ Qxg4 16. hxg4 Nf6 17. g5 Nd5 18. Nc3 Nxc3 19. bxc3 Rhf8 20. Re4 Bc5
21. Be3 Bxe3 22. Rxe3 Rf5 23. Rae1 Rxg5 24. Rxe5 Rxe5 25. Rxe5 Rd5 1/2-1/2

[Event "Rochade - Anderlecht"]
[Site "Anderlecht"]
[Date "2012.10.07"]
[Round "2.8"]
[White "Huesmann, Thomas"]
[Black "Van Mechelen, Jan"]
[Result "1-0"]
[WhiteElo "2240"]
[BlackElo "2243"]
[PlyCount "113"]
[EventDate "2012.??.??"]

1. e4 e6 2. d4 d5 3. Nc3 Bb4 4. Nge2 Nc6 5. a3 Ba5 6. e5 Nge7 7. Ng3 O-O 8. Be3
f6 9. exf6 Rxf6 10. Bb5 Qd6 11. O-O e5 12. dxe5 Qxe5 13. Bxc6 Rxc6 14. Bd4 Qg5
15. Re1 Re6 16. b4 Bb6 17. Bxb6 axb6 18. Nb5 Rxe1+ 19. Qxe1 c6 20. Nd4 b5 21.
Qc3 Bd7 22. Re1 Ng6 23. Nf3 Qf6 24. Qb3 Re8 25. Rxe8+ Bxe8 26. Qe3 Ne7 27. h3
Bg6 28. Qa7 Bxc2 29. Qxb7 h6 30. Qa7 Bg6 31. Qd4 Qxd4 32. Nxd4 Be8 33. f4 Nc8
34. Ngf5 Kf7 35. Kf2 Bd7 36. Ne3 Nd6 37. g4 Kf6 38. Nec2 Nc4 39. Nb3 h5 40. Kg3
hxg4 41. hxg4 Be8 42. Kh4 Bg6 43. Ncd4 Nxa3 44. g5+ Ke7 45. Nxc6+ Kd6 46. Ncd4
Bc2 47. Nc1 g6 48. Nce2 Bd3 49. Nc3 Nc2 50. Nxc2 Bxc2 51. Nxb5+ Ke7 52. Nd4 Bd3
53. Kg4 Kd6 54. Kf3 Ba6 55. f5 gxf5 56. Kf4 Bd3 57. b5 1-0

[Event "Rochade - Anderlecht"]
[Site "Anderlecht"]
[Date "2012.10.07"]
[Round "2.6"]
[White "Ahn, Martin"]
[Black "Van Overdam, Julian"]
[Result "1-0"]
[WhiteElo "2278"]
[BlackElo "2277"]
[PlyCount "78"]
[EventDate "2012.??.??"]

1. e4 c5 2. Nf3 d6 3. d4 cxd4 4. Nxd4 Nf6 5. Nc3 e6 6. f4 Nc6 7. Nb3 Be7 8. Bd3
O-O 9. O-O a5 10. a4 Nb4 11. Kh1 e5 12. Be3 Ng4 13. Bg1 exf4 14. Rxf4 Ne5 15.
Nd4 Bg5 16. Rf1 Be6 17. Nf3 Bh6 18. Bd4 Nexd3 19. cxd3 d5 20. Bc5 Re8 21. Nd4
dxe4 22. Nxe6 Rxe6 23. dxe4 Qc7 24. Bg1 Rd8 25. Qh5 Bf4 26. Rad1 Rxd1 27. Qxd1
Be5 28. Nd5 Nxd5 29. exd5 Rh6 30. h3 Qd7 31. Qd3 Rd6 32. Rd1 h6 33. b3 Rg6 34.
Bh2 Bxh2 35. Kxh2 Qd6+ 36. Kh1 Rg3 37. Qc4 Kh7 38. Rf1 Qg6 39. d6 Rxg2 1-0

[Event "Rochade - Anderlecht"]
[Site "Anderlecht"]
[Date "2012.10.07"]
[Round "2.4"]
[White "Coenen, Michael"]
[Black "Beeckmans, Felix"]
[Result "0-1"]
[WhiteElo "2309"]
[BlackElo "2301"]
[PlyCount "80"]
[EventDate "2012.??.??"]

1. e4 c5 2. Nf3 g6 3. d4 cxd4 4. Nxd4 Bg7 5. Nc3 Nc6 6. Be3 Nf6 7. Be2 O-O 8.
O-O d5 9. Nxc6 bxc6 10. e5 Nd7 11. f4 e6 12. Na4 Qe7 13. c4 f6 14. exf6 Qxf6
15. cxd5 cxd5 16. Rc1 Nb6 17. Bc5 Rf7 18. b4 Bb7 19. Kh1 d4 20. Bd6 Qd8 21. Be5
Bxe5 22. fxe5 Rxf1+ 23. Bxf1 Nxa4 24. Qxa4 Qd5 25. Qb5 Qe4 26. Qd7 Rf8 27.
Qxe6+ Kh8 28. Qc4 Rc8 29. Qxc8+ Bxc8 30. Rxc8+ Kg7 31. Rc7+ Kf8 32. Rc1 d3 33.
Bxd3 Qxd3 34. h3 Qe3 35. Rf1+ Ke7 36. Rf3 Qe1+ 37. Kh2 Qxe5+ 38. Kh1 Qe1+ 39.
Kh2 Qxb4 40. a3 Qc4 0-1

[Event "Rochade - Anderlecht"]
[Site "Anderlecht"]
[Date "2012.10.07"]
[Round "2.2"]
[White "Feygin, Michael"]
[Black "Renette, Hans"]
[Result "1/2-1/2"]
[WhiteElo "2538"]
[BlackElo "2339"]
[PlyCount "57"]
[EventDate "2012.??.??"]

1. e4 e5 2. Nf3 Nc6 3. Bb5 a6 4. Ba4 Nge7 5. c3 g6 6. d4 exd4 7. cxd4 b5 8. Bb3
Bg7 9. O-O O-O 10. h3 d6 11. Nc3 Na5 12. Bc2 c5 13. dxc5 dxc5 14. Qxd8 Rxd8 15.
Be3 Nb7 16. Rfd1 Be6 17. e5 Bf5 18. Bxf5 Nxf5 19. Bg5 Rxd1+ 20. Rxd1 Nd4 21.
Nxd4 cxd4 22. Nd5 Bxe5 23. Nf6+ Kg7 24. Nd7 f6 25. f4 fxg5 26. Nxe5 gxf4 27.
Rxd4 Rd8 28. Rxf4 Rd1+ 29. Rf1 1/2-1/2